000 00514nam a22001577a 4500
003 OSt
005 20151102155356.0
008 151102b xxu||||| |||| 00| 0 eng d
040 _cRUA
082 _aFOR ហាក់ 1994 B119 Or.1
100 _93206
_aហាក់ សារុំ
245 _aសិក្សាពីតំរូវការប្រើប្រាស់ឈើ នៅខេត្តកោះកុង ;
260 _aPhnom Penh
_bRUA
_c1994
300 _a71p.
_bill.
_c29cm.
942 _2ddc
_cFOR
999 _c2993
_d2993